000 00423nam a2200157 4500
001 145248
003 ES-MaACL
005 20230906201207.0
007 t|
008 070214s1975 sp r ||||1| spa d
100 1 _aSorel, Andrés.
_9107333
245 1 0 _aCastilla como agonía /
_cAndrés Sorel.
260 _aMadrid :
_bCentro,
_c1975 (
_fMontaña)
300 _a232 p. ;
_c21 cm.
852 _aES-MaACL
_jA-7405
_bR.96451
999 _c145248
_d145248